| 000 | 01119ngm a22003250a 4500 | ||
|---|---|---|---|
| 001 | PT15535 | ||
| 003 | AR-LpoUNG | ||
| 005 | 20210202000159.0 | ||
| 007 | vd cvaizq | ||
| 008 | 191001s1925||||ag |||||||||||||||||rus d | ||
| 037 | _c$6.6 | ||
| 040 |
_aAR-LpoUNG _bspa _cAR-LpoUNG _eaacr |
||
| 041 | _arus | ||
| 044 | _aag | ||
| 082 | 0 | _a947.083 36aco | |
| 100 | 1 |
_aEisenstein, Sergei _edir. |
|
| 245 | 1 | 3 | _aEl acorazado Potemkin |
| 260 |
_aBuenos Aires : _bEpoca, _c[1925]. |
||
| 300 | _aVHS (65 min.) : son., col. | ||
| 505 | 0 | _aGuión: Nina Ferdinandova. | |
| 520 | _aLos marineros del acorazado Potemkin soportan duras e injustas condiciones de vida. La gota que colma el vaso es el intento por parte de los oficiales al mando de darles carne podrida para comer. Comenzarán entonces una revolución que más tarde se extenderá por el puerto de Odessa y por toda Rusia, comenzando la era de la revolución. | ||
| 650 | 4 | _aASPECTOS POLITICOS | |
| 650 | 4 | _aCONFLICTOS POLITICOS | |
| 650 | 4 | _aREVOLUCION | |
| 650 | 4 | _aRUSIA | |
| 651 | 4 | _aPO | |
| 653 | _aVIDEOS | ||
| 905 | _a15535 | ||
| 942 | _cVIDEO | ||
| 999 |
_c54267 _d54267 |
||